The modern period (Record no. 98664)
[ view plain ]
| 000 -LEADER | |
|---|---|
| fixed length control field | 01835nam a22003614a 4500 |
| 082 04 - DEWEY DECIMAL CLASSIFICATION NUMBER | |
| Classification number | 612.6/62 |
| 100 1# - MAIN ENTRY--AUTHOR NAME | |
| Personal name | Freidenfelds, Lara, |
| 245 14 - TITLE STATEMENT | |
| Title | The modern period |
| 260 ## - PUBLICATION, DISTRIBUTION, ETC. (IMPRINT) | |
| Place of publication | Baltimore : |
| Name of publisher | Johns Hopkins University Press, |
| Year of publication | 2009. |
| 300 ## - PHYSICAL DESCRIPTION | |
| Number of Pages | 242 p. : |
| Other physical details | ill. |
| 505 0# - FORMATTED CONTENTS NOTE | |
| Formatted contents note | Before "modern" menstrual management : keeping secrets, wearing diapers, avoiding chills -- The modern way to talk about menstruation : education, the scientific narrative, and public discussion -- The modern way to behave while menstruating : changing health beliefs and practices -- The modern way to manage menstruation : technology and bodily practices -- Tampons : a case study in controversy. |
| 650 #0 - SUBJECT ADDED ENTRY--TOPICAL TERM | |
| Topical Term | Menstruation |
| Topical Term | Feminine hygiene products |
| 856 40 - ELECTRONIC LOCATION AND ACCESS | |
| Uniform Resource Identifier | http://site.ebrary.com/lib/rucke/Doc?id=10372254 |
No items available.
